| 000 | 00612nam a2200169 a 4500 | ||
|---|---|---|---|
| 008 | 120416s1980 ||||||||||||||||| || u | ||
| 050 | _aHD 69.P75 Mon | ||
| 100 | _aMontgomery, John D | ||
| 245 | 1 | 0 | _aIntegration rural development |
| 246 | _aviews from the field | ||
| 260 |
_a(Cambridge, Mass.) _bHavard University Press _c1980 |
||
| 300 | _a38p : ill | ||
| 350 | _a0.00 | ||
| 650 | _aRURAL DEVELOPMENT--KENYA | ||
| 650 | 0 | _aMANAGEMENT | |
| 995 |
_D0.00 _FCBU-MAIN LIBRARY (Kitwe) _H1 _I0.00 _M1 _UWEEDED _VAug 30, 2017 _ZMain Library Open Access Collection |
||
| 999 |
_c47165 _d47165 |
||